Statistics for Minneapolis Airport (MSP) Destinations

Click here to take the quiz!

General Stats

  • This quiz has been taken 83 times
    (74 since last reset)
  • The average score is 97 of 145

Answer Stats

State or Country Airlines Destinations % Correct
GeorgiaDelta, SpiritAtlanta
98%
TexasAmerican, Delta, Spirit, Sun CountryDallas Fort-Worth
96%
TexasSouthwestDallas Love
96%
New YorkDeltaNew York JFK
94%
FloridaAmerican, DeltaMiami
94%
FloridaDelta, Frontier, Spirit, Sun CountryOrlando
94%
NevadaDelta, Spirit, Sun CountryLas Vegas
94%
New YorkAmerican, DeltaNew York LaGuardia
94%
MassachusettsDelta, JetBlue, Sun CountryBoston
94%
TexasDelta, Spirit, UnitedHouston Bush
92%
NetherlandsKLMAmsterdam
92%
AlaskaDelta, Sun CountryAnchorage
92%
MichiganDelta, SpiritDetroit
92%
ColoradoDelta, Frontier, Southwest, Spirit, Sun Country, UnitedDenver
92%
IllinoisDelta, SouthwestChicago Midway
90%
OregonAlaska, Delta, Sun CountryPortland
90%
U.KDeltaLondon-Heathrow
90%
New YorkDeltaAlbany
90%
CanadaAir Canada, DeltaToronto
90%
D.CDelta, Sun Country, UnitedWashington Dulles
90%
TexasDelta, Frontier, Sun CountryAustin
90%
D.CAmerican, DeltaWashington Reagan
90%
IllinoisAmerican, Delta, Sun Country, UnitedChicago O'Hare
90%
ArizonaAmerican, Delta, Southwest, Sun CountryPhoenix
88%
CaliforniaAlaska, Delta, Sun CountrySan Diego
88%
CaliforniaDeltaSan Jose
88%
North CarolinaAmerican, DeltaCharlotte
88%
WashingtonAlaska, Delta, Sun CountrySeattle
88%
CanadaDeltaVancouver
88%
New JerseyDelta, Sun Country, UnitedNewark
88%
CaliforniaDelta, Sun Country, UnitedSan Francisco
88%
WyomingDeltaJackson Hole
85%
PennsylvaniaAmerican, Delta, Sun CountryPhiladelphia
85%
FranceAir France, DeltaParis
85%
CaliforniaDelta, Spirit, Sun CountryLos Angeles
85%
LouisianaDelta, SpiritNew Orleans
85%
UtahDeltaSalt Lake City
85%
TennesseeDelta, Southwest, Sun CountryNashville
85%
New MexicoDeltaAlbuquerque
85%
FloridaDeltaTampa
85%
MarylandDelta, Southwest, SpiritBaltimore
85%
OhioDeltaColumbus
85%
JapanDeltaTokyo-Haneda
85%
CanadaDeltaCalgary
83%
CanadaDeltaMontreal
83%
IdahoDeltaBoise
83%
GermanyCondorFrankfurt
81%
IowaDeltaDes Moines
81%
MissouriDelta, Southwest, Sun CountrySaint-Louis
81%
OhioDelta, FrontierCincinnati
81%
New YorkDeltaBuffalo
81%
NebraskaDeltaOmaha
79%
OklahomaDeltaOklahoma City
79%
PennsylvaniaDeltaPittsburgh
79%
North DakotaDeltaBismarck
79%
IndianaDeltaIndianapolis
79%
TennesseeDeltaMemphis
79%
WisconsinDeltaMilwaukee
79%
MinnesotaDeltaDuluth
79%
WisconsinDeltaMadison
77%
CanadaDeltaWinnipeg
77%
FloridaDeltaJacksonville
77%
South CarolinaDeltaCharleston
77%
Puerto RicoSun CountrySan Juan
77%
NevadaDeltaReno
77%
MissouriDelta, SouthwestKansas City
75%
IrelandAer LingusDublin
75%
TexasDelta, Sun CountrySan Antonio
75%
VirginiaDeltaRichmond
75%
MontanaDeltaHelena
75%
HawaiiDeltaHonolulu
75%
CanadaDeltaEdmonton
75%
OhioDelta, FrontierCleveland
75%
NebraskaDeltaLincoln
73%
South DakotaDeltaSioux Falls
73%
CaliforniaDelta, Sun CountrySacramento
73%
MontanaDeltaBillings
73%
North DakotaDeltaFargo
73%
WashingtonDeltaSpokane
73%
South KoreaDeltaSeoul
71%
North CarolinaDeltaRaleigh-Durham
71%
CaliforniaDelta, SouthwestOakland
71%
KentuckyDeltaLouisville
71%
MexicoDeltaMexico City
71%
FloridaDeltaFort Lauderdale
71%
MexicoDelta, Sun CountryCancun
71%
New YorkDeltaRochester
69%
OhioDeltaDayton
69%
Rhode IslandSun CountryProvidence
69%
TennesseeDeltaKnoxville
69%
WisconsinDeltaGreen Bay
69%
ColoradoFrontierColorado Springs
69%
MichiganDeltaGrand Rapids
67%
OklahomaDeltaTulsa
67%
MichiganDeltaLansing
67%
IcelandDelta, IcelandairReykjavik
65%
AlaskaDeltaFairbanks
65%
KansasDeltaWichita
63%
KentuckyDeltaLexington
63%
IowaDeltaCedar Rapids
60%
New JerseyFrontierTrenton
60%
VirginiaDeltaNorfolk
60%
FloridaDelta, Sun CountryFort Myers
58%
New YorkDeltaSyracuse
58%
GeorgiaDeltaSavannah
58%
South DakotaDeltaRapid City
56%
MontanaDeltaBozeman
56%
IndianaDeltaFort Wayne
50%
IllinoisDeltaPeoria
50%
MontanaDeltaMissoula
50%
CanadaDeltaSaskatoon
48%
South CarolinaSpiritMyrtle Beach
48%
North DakotaDeltaGrand Forks
48%
IndianaDeltaSouth Bend
46%
IdahoDeltaIdaho Falls
42%
MinnesotaDeltaBemidji
40%
South DakotaDeltaAberdeen
40%
MontanaDeltaGreat Falls
40%
MinnesotaDeltaInternational Falls
38%
North DakotaDeltaMinot
38%
IllinoisDeltaMoline
38%
MichiganDeltaSaginaw
35%
MichiganDeltaTraverse City
35%
WisconsinDeltaAppleton
35%
MontanaDeltaKalispell
35%
WisconsinDeltaLa Crosse
33%
CaliforniaSun CountrySanta Barbara
33%
WashingtonDeltaPasco
33%
MichiganDeltaKalamazoo
31%
MississippiSun CountryGulfport
31%
ArkansasDeltaBentonville
31%
North DakotaDeltaWilliston
27%
WisconsinDeltaWausau
27%
MichiganDeltaMarquette
25%
MinnesotaDeltaHibbing
25%
CaliforniaSun CountrySanta Rosa
25%
MinnesotaDeltaBrainerd
25%
MichiganDeltaSault Ste. Marie
23%
WisconsinDeltaRhinelander
21%
IowaAir Choice OneMason City
19%
MinnesotaBoutique AirThief River Falls
19%
IowaAir Choice OneFort Dodge
17%
ConnecticutDeltaWindsor Locks
15%
MichiganAir Choice OneIronwood
13%
MichiganDeltaIron Mountain
10%

Score Distribution

Percentile by Number Answered

Percent of People with Each Score

Your Score History

You have not taken this quiz since the last reset